Basic Greek and exegesis : (Record no. 8745)

MARC details
000 -LEADER
fixed length control field 01055cam a2200289 a 4500
001 - CONTROL NUMBER
control field 15374384
003 - CONTROL NUMBER IDENTIFIER
control field GBCCL
005 - DATE AND TIME OF LATEST TRANSACTION
control field 20241126110657.0
008 - FIXED-LENGTH DATA ELEMENTS--GENERAL INFORMATION
fixed length control field 080721s2007 njua b 001 0 eng d
010 ## -
-- 2008298193
020 ## - INTERNATIONAL STANDARD BOOK NUMBER
International Standard Book Number 9781596380646
020 ## - INTERNATIONAL STANDARD BOOK NUMBER
International Standard Book Number 1596380640
035 ## - SYSTEM CONTROL NUMBER
System control number (OCoLC)ocn190822002
040 ## - CATALOGING SOURCE
Original cataloging agency WTS
Transcribing agency WTS
Modifying agency WTS
-- DLC
042 ## -
-- lccopycat
050 00 -
-- PA817
-- .R36 2007
082 00 - DEWEY DECIMAL CLASSIFICATION NUMBER
Classification number 220.48
Edition information 22
Item number RAM
100 1# - MAIN ENTRY--PERSONAL NAME
Personal name Ramsay, Richard B.,
Dates associated with a name 1948-
9 (RLIN) 15423
245 10 - TITLE STATEMENT
Title Basic Greek and exegesis :
Remainder of title a practical manual that teaches the fundamentals of Greek and exegesis, including the use of linguistic software /
Statement of responsibility, etc. Richard B. Ramsay.
260 ## - PUBLICATION, DISTRIBUTION, ETC.
Place of publication, distribution, etc. Phillipsburg, NJ :
Name of publisher, distributor, etc. P&R Publishing,
Date of publication, distribution, etc. c2007.
300 ## - PHYSICAL DESCRIPTION
Extent x, 143 p. :
Other physical details ill. ;
Dimensions 28 cm.
504 ## - BIBLIOGRAPHY, ETC. NOTE
Bibliography, etc. note Includes bibliographical references and index.
650 #0 - SUBJECT ADDED ENTRY--TOPICAL TERM
Topical term or geographic name entry element Greek language, Biblical
General subdivision Grammar
Form subdivision Textbooks.
9 (RLIN) 15424
906 ## - LOCAL DATA ELEMENT F, LDF (RLIN)
a 7
b cbc
c copycat
d 2
e ncip
f 20
g y-gencatlg
942 ## - ADDED ENTRY ELEMENTS (KOHA)
Source of classification or shelving scheme Dewey Decimal Classification
Koha item type Reference Books
Holdings
Withdrawn status Lost status Source of classification or shelving scheme Damaged status Not for loan Home library Current Library Shelving location Date acquired Total checkouts Full call number Barcode Date last seen Copy number Price effective from Koha item type
    Dewey Decimal Classification     GRACE BIBLE COLLEGE GRACE BIBLE COLLEGE Language 2021-09-27   220.48 RAM 015100 2025-05-01 c.1 2021-09-27 Language
© Grace Bible College Library 2025